1991 1032 1375 1390 1231 1604 1688 1344 1101 1260 1456 1370 1857 1371 1952 1982 1224 1027 1663 1246 1960 1630 1796 1384 1895 1070 1198 1230 1554 1202 1262 1447 1197 1086 1893 1754 1182 1500 1358 1874 1528 1604 1385 1783 1436 1445 1168 1184 1367 1226 1604 1112 1364 1764 1496 1976 1583 1751 1414 1908 1518 1548 1245 1053 1004 1873 1260 1394 1597 1348 1796 1117 1904 1347 1402 1167 1607 1607 1449 1465 1940 1061 1321 1825 1614 1011 1496 1789 1998 1718 1390 1319 1601 1850 1585 1504 1652 1725 1021 BCNSPRNW ULIB Ver.6.0+V

เปลี่ยนเป็นภาษาไทย

Change to English
 แสดงรายละเอียดบรรณานุกรม
  กลับหน้าหลัก

Brief Record : Get Marc (ISO 2709) : E-mail record : QR code < ปิดหน้าต่าง
LEADER : 00000nam 2200000uu 4500
001    13399120298
003     ULIB
008    120918s2550||||th 000 0 tha d
020    ^a9789749329481
060 04 ^aQV766^bส786ร 2550
100 0  ^aสุธี วรคีรีมิต
245 10 ^aรู้จัก-รู้ใช้:พืชสมุนไพร /^cโดย สุธี วรคีรีมิต
250    ^aพิมพ์ครั้งที่ 5
260    ^aกรุงเทพฯ :^bพิมพ์ทอง,^c2550
300    ^a192 หน้า
650  7 ^aสมุนไพร
945    ^p155^l0^i14271
945    ^p155^l0^i14270
995    ^aกัณชพร
999 ^a ใช้งานได้ทุกระบบ
รายการนี้ยังไม่มีแท็ก
คุณยังไม่ได้ล็อกอิน คุณสามารถมีกิจกรรมร่วมกับเว็บไซต์ได้ แต่ต้องล็อกอินก่อน ::
  ล็อกอิน

รายการสื่อสารสนเทศ

ลำดับที่ ประเภท เลขเรียก/บาร์โค้ด สถานที่ สถานะ
1. วิทยาศาสตร์การแพทย์ และสุขภาพ
วิทยาศาสตร์การแพทย์ และสุขภาพ
QV766 ส786ร 2550  
  Barcode: 14271
ห้องสมุดวิทยาเขตสวรรค์ประชารักษ์
►หนังสือทั่วไป
บนชั้น
2. วิทยาศาสตร์การแพทย์ และสุขภาพ
วิทยาศาสตร์การแพทย์ และสุขภาพ
QV766 ส786ร 2550 ฉ.2 
  Barcode: 14270
ห้องสมุดวิทยาเขตสวรรค์ประชารักษ์
►หนังสือทั่วไป
บนชั้น

รายการใกล้เคียง
    หัวเรื่อง [สมุนไพร]

BibComment


ยังไม่เคยถูกคอมเมนท์

คอมเมนท์ทรัพยากรรายการนี้
  คอมเมนท์: รู้จักรู้ใช้พืชส..


 Copyright 2026. Bcnsprnw @Library